000 00444nam a2200169 i 4500
001 19677
003 ES-MaACL
005 20230906152139.0
007 t|
008 021008s1922 xxk ||||1| eng d
100 1 _aAbercrombie, Lascelles,
_918093
245 1 0 _aFourt short plays /
_cLascelles Abercrombie.
260 _aLondon :
_bMartin Secker,
_c1922.
300 _a176 p. ;
_c20 cm.
852 _aES-MaACL
_jF-856
999 _c19677
_d19677